|
|
|
|
| LEADER |
00000nam a2200000 a 4500 |
| 001 |
vtls010577510 |
| 003 |
SK-MaSNL |
| 005 |
20260426012453.0 |
| 007 |
co cg muuua |
| 008 |
160429s2013 xo | fs 000 0dslo |
| 015 |
|
|
|a SNBS2015
|
| 020 |
|
|
|a 9788055509334 (elektronická kniha)
|
| 040 |
|
|
|a SNK
|b slo
|c SNK
|e AACR2
|
| 041 |
0 |
|
|a slo
|a cze
|
| 043 |
|
|
|a e-xo---
|
| 044 |
|
|
|a xo
|c SK
|
| 072 |
|
7 |
|a 027
|x Univerzálne knižnice. Verejné knižnice
|2 konspekt
|
| 072 |
|
7 |
|a 929.5/.9
|x Genealógia. Heraldika. Šľachta. Vlajky
|2 konspekt
|
| 072 |
|
7 |
|a 025
|x Organizácia knižníc a knižničných fondov
|2 konspekt
|
| 080 |
|
|
|a 027.1
|2 2001
|
| 080 |
|
|
|a 929.732
|2 2001
|
| 080 |
|
|
|a 025
|2 2001
|
| 080 |
|
|
|a (437.6-11)
|2 2001
|
| 080 |
|
|
|a (082)
|2 2001
|
| 080 |
|
|
|a (0.034.44)
|2 2001
|
| 245 |
0 |
0 |
|a Z dejín šľachtických knižníc na Slovensku I.
|h elektronický zdroj
|c Ed. Marcela Domenová
|
| 250 |
|
|
|a 1. vyd.
|
| 260 |
|
|
|a V Prešove
|b Prešovská univerzita
|c 2013
|
| 300 |
|
|
|a 1 elektronický optický disk (CD-ROM)
|b fareb.
|c 12 cm
|
| 500 |
|
|
|a Názov z titulnej obrazovky
|
| 500 |
|
|
|a Biogr. údaje
|
| 504 |
|
|
|a Bibliogr. odkazy
|
| 516 |
|
|
|a Textový dokument (zborník), súbory vo formáte pdf, html
|
| 536 |
|
|
|a Projekt VEGA č. 1/0278/12: Šľachtické knižnice na východnom Slovensku
|
| 538 |
|
|
|a Technické požiadavky: PDF prehliadač, internetový prehliadač
|
| 546 |
|
|
|a Text čiast. aj čes.
|
| 650 |
0 |
7 |
|a šľachtické knižnice
|2 SNKPH
|9 89809
|
| 650 |
0 |
7 |
|a šľachtické rody
|2 SNKPH
|9 31798
|
| 650 |
0 |
7 |
|a knižničné zbierky
|2 SNKPH
|9 91209
|
| 650 |
0 |
7 |
|a knižničné fondy
|2 SNKPH
|9 1300
|
| 650 |
0 |
7 |
|a Noble libraries
|2 SNKPHeng
|9 418168
|
| 650 |
0 |
7 |
|a House of nobility
|2 SNKPHeng
|9 306784
|
| 650 |
0 |
7 |
|a Library collections
|2 SNKPHeng
|9 302779
|
| 650 |
0 |
7 |
|a Library holdings (stock)
|2 SNKPHeng
|9 335569
|
| 651 |
|
7 |
|a Slovensko východné
|2 SNKPH
|9 161134
|
| 655 |
|
7 |
|a elektronické zdroje
|2 SNKPH
|9 90954
|
| 655 |
|
7 |
|a CD-ROM
|2 SNKPH
|9 70236
|
| 655 |
|
7 |
|a zborníky
|2 SNKPH
|9 70165
|
| 655 |
|
7 |
|a Miscellanea
|2 SNKPHeng
|9 265155
|
| 655 |
|
7 |
|a Electronic resources
|2 SNKPHeng
|9 175546
|
| 700 |
1 |
|
|a Domenová, Marcela,
|d 1978-
|4 edt
|9 104415
|
| 752 |
|
|
|a Slovensko
|d Prešov
|
| 856 |
4 |
1 |
|a http://www.pulib.sk/web/kniznica/elpub/dokument/Domenova1
|
| 919 |
|
|
|a 978-80-555-0933-4
|
| 958 |
|
|
|a NB
|
| 999 |
|
|
|c 1097635
|d 1099565
|
| 952 |
|
|
|a SNK
|b SNK
|y PREZ
|7 0
|p 17A1104429
|o snkSCDM 6307/1
|i snk2014/5071
|8 0
|0 0
|1 0
|4 0
|d 2014-02-20
|l 0
|r 2026-02-24 17:19:52
|w 2026-02-24
|